Executing data quality projects: ten steps to quality data and trusted information
Gardado en:
| Autor Principal: | |
|---|---|
| Formato: | Libro |
| Idioma: | inglés |
| Publicado: |
Burlington
Morgan Kaufmann Publishers
2008
Amsterdam Elsevier 2008 |
| Subjects: | |
| Tags: |
Engadir etiqueta
Sen Etiquetas, Sexa o primeiro en etiquetar este rexistro!
|
MARC
| LEADER | 00000cam a2200000 a 4500 | ||
|---|---|---|---|
| 001 | UCF7167 | ||
| 003 | CL-VaPUC | ||
| 008 | 130613e20080000US |||||||||||||||||eng|d | ||
| 020 | |a 9780123743695 | ||
| 082 | 0 | 4 | |a 658.404 |b MCG |2 21 |
| 100 | |a McGilvray, Danette |e autora |9 569168 | ||
| 245 | 1 | 0 | |a Executing data quality projects: ten steps to quality data and trusted information |
| 300 | |a 325 p | ||
| 942 | |c BK | ||
| 945 | |d 20130613 00:00:00 |a dcastane | ||
| 260 | |a Burlington |b Morgan Kaufmann Publishers |c 2008 | ||
| 260 | |a Amsterdam |b Elsevier |c 2008 | ||
| 650 | 7 | |a MANEJO DE INFORMACION |2 CL-VaPUC |9 525292 | |
| 650 | 7 | |a EVALUACION DE LA INFORMACION |2 CL-VaPUC |9 527724 | |
| 650 | 0 | |a Gestión de la información |9 362327 | |
| 583 | |a last modification |c 20130613 14:21:00 |k Rodrigo Vera | ||
| 999 | |c 352086 |d 352084 | ||
| 952 | |0 0 |1 0 |4 0 |6 658_404000000000000_MCG_2008_2008 |7 0 |8 A |9 456624 |a BIBING |b BIBING |d 2019-11-22 |i 4978706 |o 658.404 MCG 2008 2008 |p 4978706 |r 2025-01-20 |w 2019-11-22 |y BK |k EII | ||